00750cam a22001577a 4500008004000000082002500040100002500065245018900090260006300279300001000342500007200352650002900424650002200453999001900475952009800494180718b2004 xxu||||| |||| 00| 0 eng d aAPPPA 2003-04 SIN/46 aSingh, Praveen Kumar aCritical review of the working of joint consultative machinery and compulsory arbitration in resolving employee related matters (pay, allowances and leave etc.)cby Praveen Kumar Singh aNew DelhibIndian Institute of Public Administrationc2004 a123p. aAn APPPA M.Phil dissertation, 2003-04 (Guide: Prof. Bharati Sharma) aLabour relations - India aRailroads - India c492920d492920 00104070aIIPAbIIPAd2018-08-04oAPPPA 2003-04 SIN/46pGR17011r2018-08-04w2018-08-04yGR